All animals in Mope.io - Statistics

General Stats
  • This quiz has been taken 3 times
  • The average score is 30 of 111
Answer Stats
Required Exp Type Of Animals Animal % Correct
10m Volcano Black Dragon
100%
1k Desert Armadillo
50%
60k Land Bear
50%
145k Desert Bison
50%
650k Ocean Blue Whale
50%
25k Desert Camel
50%
40k Land Cheetah
50%
0 Arctic Chipmunk
50%
25k Land Cobra
50%
400 Ocean Crab
50%
90k Land Crocodile
50%
2k Land Deer
50%
12k Land Donkey
50%
1m Land Dragon
50%
12k AI Duck
50%
145k Land Eagle
50%
650k Land Elephant
50%
90k Land Falcon
50%
5k Land Fox
50%
25k Land Giraffe
50%
12k AI Goose
50%
40k Land Gorilla
50%
350k Land Hippo
50%
5k AI Honey Bee
50%
5k Ocean Jellyfish
50%
350k Ocean Killer Whale
50%
1m Ocean King Crab
50%
1m Ocean Kraken
50%
90k Land Lion
50%
12k Land Macaw
50%
650k Arctic Mammoth
50%
400 Desert Meerkat
50%
0 Land Mouse
50%
90k Ocean Octopus
50%
350k Land Ostrich
50%
400 Arctic Penguin
50%
1m Volcano Phoenix
50%
1k Land Pig
50%
90k Arctic Polar Bear
50%
1m Desert Pterodactyl
50%
40k Ocean Pufferfish
50%
40k Desert Rattlesnake
50%
2k Arctic Reindeer
50%
145k Land Rhino
50%
1k Arctic Seal
50%
5m Ocean Sea Monster
50%
145k Ocean Shark
50%
0 Ocean Shrimp
50%
1m Arctic Snowman
50%
2k Ocean Squid
50%
60k Land Tiger
50%
1m Land T-Rex
50%
12k Ocean Turtle
50%
90k Desert Vulture
50%
60k Arctic Wolf
50%
145k Arctic Wolverine
50%
1m Arctic Yeti
50%
12k Land Zebra
50%
5k Arctic Arctic Fox
0%
150 Arctic Arctic Hare
0%
1m Forest Bigfoot
0%
650k Desert Blackwidow Spider
0%
350k Land Boa Constrictor
0%
650k Land Cassowary
0%
400 Land Chicken
0%
150 Forest Chukar
0%
150 Desert Desert Chipmunk
0%
0 Desert Desert Rat
0%
5m Land Dino Monster
0%
400 AI Duckling
0%
5k Desert Fennec Fox
0%
2k Ocean Flamingo
0%
400 Forest Flying Lizard
0%
40k AI Frog
0%
2k Desert Gazelle
0%
5m Desert Giant Scorpion
0%
650k Land Giant Spider
0%
60k Desert Gobi Bear
0%
5k Land Hedgehog
0%
60k Desert Hyena
0%
5m Arctic Ice Monster
0%
1k Forest Kakapo
0%
10m Volcano King Dragon
0%
350k Desert Komodo Dragon
0%
5m Volcano Land Monster
0%
0 AI Lemming
0%
145k Arctic Markhor
0%
400 Land Mole
0%
12k Arctic Muskox
0%
5k Land Peacock
0%
60k Ocean Pelican
0%
150 Land Pigeon
0%
150 Land Rabbit
0%
25k Forest Raven
0%
350k Arctic Sabertooth Tiger
0%
1k Ocean Seahorse
0%
25k Ocean Snail
0%
1m Arctic Snowgirl
0%
40k Arctic Snow Leopard
0%
25k Arctic Snowy Owl
0%
25k Ocean Stingray
0%
2k Forest Swinehoe
0%
60k Ocean Swordfish
0%
0 Forest Tarsier
0%
40k Land Toucan
0%
150 Ocean Trout
0%
40k Forest Turkey
0%
25k Arctic Walrus
0%
12k Desert Warthog
0%
350k Desert White Giraffe
0%
1k Land Woodpecker
0%
No matching quizzes found
Score Distribution
Percent of People with Each Score
Percentile by Number Answered
Your Score History
You have not taken this quiz